Statistics for Metal Gear Solid Codec Frequencies

Click here to take the quiz!

General Stats

  • This quiz has been taken 29 times
  • The average score is 6 of 7

Answer Stats

HintAnswer% Correct
140.96Mei Ling
100%
141.12Otacon
92%
140.85Roy Campbell/Naomi Hunter
92%
141.80Master Miller
79%
140.15Meryl Silverburgh
79%
140.48Deepthroat
75%
141.52Nastasha Romanenko
50%

Score Distribution

Percentile by Number Answered

Percent of People with Each Score

Your Score History

You have not taken this quiz